000 00556nam a2200181 i 4500
001 125565
003 ES-MaACL
005 20230906194906.0
007 t|
008 070619s1968 sp ||||1| spa d
100 1 _aToro Garland, Fernando de.
_9110688
245 1 3 _aEl fruto prohibido y otras historias que le siguen /
_cFernando de Toro-Garland.
260 _aMadrid :
_bFuente del Maestre,
_c1968.
300 _a102 p. :
_bil. ;
_c18 cm.
852 _aES-MaACL
_jE-9295
_bR.142483
852 _aES-MaACL
_jC-50826
_bR.71010
999 _c125565
_d125565